Entry Nombre personal
001 - NÚMERO DE CONTROL
- campo de control: 125522
003 - IDENTIFICADOR DE NÚMERO DE CONTROL
- campo de control: SpMaBN
005 - FECHA Y HORA DE LA ÚLTIMA TRANSACCIÓN
- campo de control: 20230809175338.0
008 - ELEMENTOS DE DATO DE LONGITUD-FIJA
- campo de control de longitud fija: 970922nn ainnnaabn n aaa
016 ## - NÚMERO DE CONTROL DE UNA AGENCIA BIBLIOGRÁFICA NACIONAL
- Número de control del registro: BNE19991052884
024 7# - IDENTIFICADOR DE OTROS ESTÁNDARES
- Número estándar o código: http://www.wikidata.org/entity/Q60418204
- Fuente: wikidata
024 7# - IDENTIFICADOR DE OTROS ESTÁNDARES
- Número estándar o código: http://viaf.org/viaf/70947003/
- Fuente: viaf
024 7# - IDENTIFICADOR DE OTROS ESTÁNDARES
- Número estándar o código: https://isni.org/isni/0000000039402008
- Fuente: isni
040 ## - FUENTE DE CATALOGACIÓN
- Centro catalogador/agencia de origen: SpMaBN
- Lengua de catalogación: spa
- Centro/agencia transcriptor: SpMaBN
- Normas de descripción: rdc
- Convención/Normas de encabezamiento de materia/tesauro: embne
046 ## - FECHAS CON CODIFICACIÓN ESPECIAL
- Fecha de nacimiento: 1806
- Fecha de la muerte: 1881
100 1# - ENCABEZAMIENTO-NOMBRE DE PERSONA
- Nombre de persona: Sánchez Silva, Manuel,
- Fechas asociadas al nombre: 1806-1881
375 ## - GÉNERO/SEXO
- Género: Masculino
377 ## - IDIOMA ASOCIADO
- Código del idioma: spa
- Término de lengua/lenguaje: Español
670 ## - FUENTE DE DATOS ENCONTRADOS
- Cita de la fuente: Parlamento y política en la Sevilla del siglo XIX, 2016
- Información encontrada: port. (Manuel Sánchez Silva) p. 21 (n. en 1806 en Utrera) p. 30 (alcalde segundo de Jerez de la Frontera) p. 41 (alcalde de Jérez de la Fontera por el partido progresista) p. 43, etc. (diputado en el Congreso por el partido progresista) p. 153, etc. (gobernador civil de la provincia de Sevilla) p. 187 (diputado en el Congreso por Unión Liberal) p. 198 (senador por Unión Liberal) p. 285 (senador por el Partido Conservador) p. 288 (m. en 1881 en Utrera)
